000 01166nam2a2200301 4500
001 RU\NLR\BIBL_A\012626498
005 20250806202056.0
035 _a(NLR Aleph) 012626498
090 _a66748
_c66748
100 _a20250806 rusy50
101 0 _arus
102 _aRU
135 _acrcn 024anaba
200 0 _a1941, № 228 (8282) (24 сент.)
210 _d1941
325 1 _aКопия доступна в электронной библиотеке РНБ
461 0 _1001RU\NLR\DIGIT\NP\000489
_12001#$aАрмавирский собеседник$v1941, № 228 (8282) (24 сент.)
852 _aNLR
_jР513
856 0 _uhttps://vivaldi.nlr.ru/ap000066645/view
856 1 _uhttps://vivaldi.nlr.ru/ap000066645/cover
856 2 _uhttps://vivaldi.nlr.ru/ap000066645/text
901 _eГазеты
942 _cISSNP
945 _aРоссийская национальная библиотека
980 _aNB
980 _aBV
981 2 7 _a(27) Периодические издания
_b(27) Газеты